[Event "CZE-chT1c 9697"]
[Site "CZE"]
[Date "1997.??.??"]
[Round "?"]
[White "Dolezal, Radoslav Sr"]
[Black "Lastovicka, Zdenek"]
[Result "0-1"]
[WhiteElo "2045"]
[BlackElo "2325"]

1.e4 c5 2.c3 Nf6 3.e5 Nd5 4.d4 cxd4 5.Nf3 d6 6.exd6 Qxd6 7.cxd4 Nc6 8.Be2 g6
9.O-O Bg7 10.Nc3 O-O 11.Be3 a6 12.Rc1 Bf5 13.Qb3 Nxe3 14.fxe3 Bh6 15.Kf2 b5
16.Qd5 Rad8 17.Qxd6 Rxd6 18.Rcd1 b4 19.Nb1 Be6 20.b3 a5 21.Nbd2 Rc8 22.Ne4 Rdd8
23.Nc5 Bf5 24.Ba6 Rc7 25.h3 Nb8 26.Bc4 Bc8 27.Ne5 e6 28.Ke2 Bf8 29.Ned3 Nd7
30.Nxd7 Rdxd7 31.Ne5 Rd8 32.g4 Bd6 33.Nf3 Bb7 34.Kd3 h6 35.e4 Bf4 36.h4 g5
37.hxg5 hxg5 38.Rh1 Kg7 39.Rh5 Rh8 40.Rdh1 Rxh5 41.Rxh5 f6 42.Ng1 Bc8 43.Ne2 e5
44.Nxf4 exf4 45.e5 Bxg4 46.exf6+ Kxf6 47.Rh6+ Kg7 48.Ra6 Bf5+ 49.Kd2 g4 50.Rxa5 Kf6
51.a3 bxa3 52.Rxa3 g3 53.Ke2 Bg4+ 54.Kf1 f3 55.Ra6+ Kg5 56.Ra2 Kf4 57.Kg1 f2+
58.Rxf2+ gxf2+ 59.Kxf2 Rh7  0-1

[Event "CZE-chT 9697"]
[Site "CZE"]
[Date "1997.??.??"]
[Round "9"]
[White "Keitlinghaus, Ludger"]
[Black "Salai, Ladislav"]
[Result "1/2-1/2"]
[WhiteElo "2515"]
[BlackElo "2460"]

1.e4 c5 2.c3 Nf6 3.e5 Nd5 4.Nf3 Nc6 5.Bc4 Nb6 6.Be2 d6 7.exd6 e6 8.d4 Bxd6
9.dxc5 Bxc5 10.Qxd8+ Nxd8 11.O-O O-O 12.Nbd2 Bd7 13.Ne5 Nc6 14.Nxd7 Nxd7
15.Ne4 Be7 16.Rd1 Rfd8 17.Be3 Nb6 18.Bxb6 axb6 19.a3 Kf8 20.Kf1 Ke8 21.f4 Rxd1+
22.Bxd1 Rd8 23.Ke2 f5 24.Nf2 Bd6 25.Nd3 e5 26.fxe5 Nxe5 27.Nxe5 Bxe5 28.Ba4+ Ke7
29.Rf1 g6 30.h3 Rd5 31.Rf3 Kf6 32.Bc2 Bd6 33.Bd3 Re5+ 34.Kd2 Bf8 35.Rf1 Bh6+
36.Kd1 Be3 37.Kc2 Rd5 38.Be4 Rd2+ 39.Kb3 Rd7 40.Bf3 Ke5 41.Re1 Kf4 42.Rd1 Rxd1
43.Bxd1 g5 44.Bf3 g4 45.hxg4 fxg4 46.Bxb7 h5 47.a4 h4 48.Kc4 h3 49.gxh3 gxh3
50.Kb5 Ke5 51.Kc6 Ke4 52.c4 Kd4 53.Kb5 h2 54.Bd5 Ke5 55.Kc6 Kd4 56.Kb5 Ke5
57.b4 Kd6 58.Bg2 Bf2 59.a5 bxa5 60.c5+ Kc7 61.Kxa5 Be3 62.Kb5 Bf2 63.Kc4 Be3
64.b5 Bf2 65.b6+ Kb8 66.Kb5 Be3 67.c6 Bf4 68.Kc4 Kc8 69.Bd5 Bg3 70.Bg2 Bf4
71.Kd4 Bg3 72.Ke3 Bd6 73.Kd4 Bg3 74.Ke3  1/2-1/2

[Event "Decin op"]
[Site "Decin"]
[Date "1997.??.??"]
[Round "6"]
[White "Chrz, Pavel"]
[Black "Petrov, Marijan"]
[Result "0-1"]
[WhiteElo "2235"]
[BlackElo "2415"]

1.e4 c5 2.c3 Nf6 3.e5 Nd5 4.d4 cxd4 5.Bc4 Nb6 6.Bb3 d5 7.exd6 Qxd6 8.Nf3 Nc6
9.O-O Be6 10.Na3 a6 11.cxd4 Bd5 12.Ne5 e6 13.Be3 Be7 14.Qh5 O-O 15.Bc2 f5
16.g4 Be4 17.Bxe4 fxe4 18.Rad1 Qd5 19.g5 Rf5 20.Qg4 Rd8 21.h4 Nd7 22.Nxc6 bxc6
23.Nc2 Bd6 24.Rfe1 Rdf8 25.Rf1 R8f7 26.Bd2 Bc7 27.Ne3 Qd6 28.Qg3 Rxf2 29.Qxd6 Rxf1+
30.Nxf1 Bxd6 31.Re1 e5 32.Bc3 Rf4 33.Nd2 e3 34.Nc4 exd4 35.Nxd6 dxc3 36.bxc3 Rxh4
37.Rxe3 Rg4+ 38.Kf2 Rxg5 39.Re8+ Nf8 40.Rc8 Rc5 41.Ne4 Ra5 42.Kf3 Rxa2 43.Nc5 Kf7
44.Rc7+ Kf6 45.Rxc6+ Kf5 46.Rc7 Ra3 47.Ke3 Rxc3+ 48.Kd2 Ne6 49.Rf7+ Kg6 50.Kxc3 Kxf7
51.Nxa6 h5 52.Kd2 g5 53.Ke3 Kg6 54.Nb4 Kf5 55.Kf3 h4 56.Nc2 g4+ 57.Kg2 Nf4+
58.Kh2 g3+ 59.Kg1 Ke4 60.Ne1 h3 61.Kh1 Ne2 62.Nf3 g2+  0-1

[Event "Decin op"]
[Site "Decin"]
[Date "1997.??.??"]
[Round "8"]
[White "Galkin, Sergey"]
[Black "Navara, David"]
[Result "1/2-1/2"]
[WhiteElo "2340"]
[BlackElo "2075"]

1.e4 c5 2.c3 Nf6 3.e5 Nd5 4.d4 Nc6 5.dxc5 e6 6.Bc4 Nc7 7.Nf3 Bxc5 8.O-O d6
9.b4 d5 10.bxc5 dxc4 11.Qxd8+ Nxd8 12.Na3 b5 13.cxb6 axb6 14.Nxc4 Ba6 15.Nd6+ Ke7
16.Re1 Nc6 17.Ba3 Bd3 18.Nb5+ Kd7 19.Red1 Nxb5 20.Rxd3+ Kc7 21.Bb2 Rhd8 22.Rxd8 Rxd8
23.Kf1 Na5 24.c4 Na7 25.Rc1 h6 26.Nd4 Kb7 27.Ke2 Rc8 28.Kd3 N5c6 29.Nxc6 Nxc6
30.a3 Na5 31.Bd4 Rd8 32.Rd1 Nc6 33.Kc3 Ra8 34.Ra1 Ra5 35.f4 Ra4 36.Kb3 Ra8
37.Be3 Na5+ 38.Kb4 Ka6 39.Rd1 Rc8 40.c5 bxc5+ 41.Bxc5 Rb8+ 42.Kc3 Rc8 43.Kb4 Rb8+
44.Ka4 Nc4 45.Bd4 Rb2 46.Rc1  1/2-1/2

[Event "Decin op"]
[Site "Decin"]
[Date "1997.??.??"]
[Round "8"]
[White "Dolezal, Radoslav Sr"]
[Black "Lymar, Irina"]
[Result "0-1"]
[WhiteElo "2045"]
[BlackElo "2230"]

1.e4 c5 2.c3 Nf6 3.e5 Nd5 4.d4 cxd4 5.Nf3 Nc6 6.cxd4 d6 7.exd6 Qxd6 8.Nc3 g6
9.Be2 Bg7 10.O-O O-O 11.Qb3 Be6 12.Ne4 Nf4 13.Bc4 Bxc4 14.Qxc4 Qd5 15.Qxd5 Nxd5
16.Be3 Rac8 17.Rac1 Ncb4 18.Nc3 Rfd8 19.Nxd5 Nxd5 20.a3 e6 21.Rxc8 Rxc8 22.Rc1 Rxc1+
23.Bxc1 Kf8 24.Kf1 Ke7 25.Ke2 h6 26.Kd3 Kd6 27.h4 Ne7 28.Kc4 Nf5 29.Bf4+ Kc6
30.a4 a6 31.g4 Ne7 32.Ne1 h5 33.f3 Nd5 34.Bd2 Nb6+ 35.Kd3 Nxa4 36.b3 Nb6
37.Nc2 Nd5 38.Bg5 Bf6 39.Bxf6 Nxf6 40.g5 Nd5 41.Ke4 Kd6 42.Ne1 Ne7  0-1

[Event "Neckar op 1st"]
[Site "Deizisau"]
[Date "1997.??.??"]
[Round "7"]
[White "Dutschak, Hauke"]
[Black "Golubev, Mihail"]
[Result "0-1"]
[WhiteElo "2280"]
[BlackElo "2530"]

1.e4 c5 2.c3 Nf6 3.d3 d5 4.e5 Nfd7 5.f4 Nc6 6.Nf3 Nb6 7.h3 d4 8.Nbd2 Nd5
9.Ne4 f5 10.exf6 exf6 11.c4 Ne3 12.Qe2 f5 13.Ng3 Qe7 14.Bxe3 dxe3 15.d4 g6
16.d5 Bh6 17.dxc6 Bxf4 18.Nh5 gxh5 19.O-O-O O-O 20.Ne1 bxc6 21.Nd3 Bh6 22.g3 Qe4
23.Nf4 Be6 24.Qxh5 Bxf4 25.gxf4 Qxh1 26.Qg5+ Kh8 27.Bg2 Qh2 28.Rh1 e2 29.Kd2 Rad8+
30.Kxe2 Bxc4+  0-1

[Event "DEN-chT 9697"]
[Site "?"]
[Date "1997.??.??"]
[Round "4"]
[White "Boe, Mads"]
[Black "Schandorff, Lars"]
[Result "0-1"]
[WhiteElo "2340"]
[BlackElo "2495"]

1.e4 c5 2.c3 Nf6 3.e5 Nd5 4.d4 cxd4 5.Qxd4 e6 6.Nf3 Nc6 7.Qe4 b6 8.g3 Qc7
9.Nbd2 Bb7 10.Bd3 Nde7 11.Qf4 Ng6 12.Bxg6 hxg6 13.Ne4 Rh5 14.Nd6+ Bxd6 15.exd6 Qb8
16.Ng5 f6 17.Ne4 Ne5 18.O-O Rf5 19.Qe3 Nf3+  0-1

[Event "DEN-chT 9697"]
[Site "?"]
[Date "1997.??.??"]
[Round "4"]
[White "Pedersen, Nicolai Vesterbaek"]
[Black "Nielsen, Uffe V"]
[Result "0-1"]
[WhiteElo "2290"]
[BlackElo "2390"]

1.e4 c5 2.c3 Nf6 3.e5 Nd5 4.d4 cxd4 5.Nf3 d6 6.Bc4 Nb6 7.Bb3 dxe5 8.Nxe5 e6
9.cxd4 Be7 10.Nc3 O-O 11.O-O Nc6 12.Nxc6 bxc6 13.Qg4 e5 14.Qh5 exd4 15.Ne4 Be6
16.Ng5 Bxg5 17.Bxg5 Qd7 18.Rac1 Bxb3 19.axb3 Rfe8 20.Rfd1 Re5 21.Qh4 Rae8
22.Qg3 Kh8 23.h3 h6 24.Bf4 Re4 25.Rd3 R8e6 26.Bd2 Rg6 27.Qf3 Qe6 28.Ra1 Nd7
29.b4 Rf6 30.Qh5 Ne5 31.Rg3 Nc4 32.Bg5 Re1+ 33.Rxe1 Qxe1+ 34.Kh2 Rf5 35.b3 Nd6
36.Qh4 Qe6 37.Bd2 Ne4 38.Rd3 Qe5+ 39.g3 Rxf2+ 40.Kg1 Rxd2 41.Qe7 Qxe7  0-1

[Event "Dieren op"]
[Site "Dieren"]
[Date "1997.??.??"]
[Round "9"]
[White "Finkel, Alexander"]
[Black "De Vreugt, Dennis"]
[Result "1/2-1/2"]
[WhiteElo "2470"]
[BlackElo "2295"]

1.e4 c5 2.c3 Nf6 3.e5 Nd5 4.d4 cxd4 5.Qxd4 e6 6.Nf3 Nc6 7.Qe4 f5 8.Qe2 d6
9.g3 Qc7 10.exd6 Bxd6 11.Bg2 Nf6 12.O-O O-O 13.Nd4 Nxd4 14.cxd4 Bd7 15.Nc3 a6
16.Qd1 Rad8 17.Qb3 b5 18.Bd2 Kh8 19.Rac1 Qb8 20.Ne2 Ne4 21.Bb4 Bc8 22.Bxd6 Qxd6
23.Rfd1 Bb7 24.Nf4 Rfe8 25.a3 Rd7 26.h4 Qb6 27.Qe3 Red8 28.f3 e5 29.fxe4 exf4
30.Qxf4 Rxd4 31.Rxd4 Qxd4+ 32.Qf2 Qxf2+ 33.Kxf2 Rd2+ 34.Ke3 Rxg2 35.Rc7 fxe4
36.Rxb7 h6 37.Kf4 Rxb2 38.Ra7 e3 39.Rxa6 e2 40.Re6 Kg8 41.Kf3 Rb3+ 42.Kf4 Rxa3
43.Rxe2 Ra8 44.Rb2 Rb8 45.Rb4 Kf7 46.Kf5 Rb6 47.g4 Ke7 48.Ke5 Kd7 49.Kd5 Kc7
50.h5 Rd6+ 51.Ke5 Rb6 52.Kd5 Kd7 53.Kc5 Rb7 54.g5 hxg5 55.Rg4 Ke6 56.Rxg5 Kf6
57.Rg6+ Kf5 58.Kc6 Rb8 59.Rxg7 b4 60.h6 b3 61.h7 b2 62.Rg1  1/2-1/2

[Event "Dieren op"]
[Site "Dieren"]
[Date "1997.??.??"]
[Round "9"]
[White "Van Wessel, Rudy"]
[Black "Milov, Leonid"]
[Result "0-1"]
[WhiteElo "2315"]
[BlackElo "2490"]

1.e4 c5 2.c3 Nf6 3.e5 Nd5 4.d4 cxd4 5.Nf3 d6 6.cxd4 Nc6 7.a3 Bg4 8.Bc4 e6
9.Nbd2 Be7 10.h3 Bh5 11.Qb3 Nb6 12.Bb5 Rc8 13.a4 O-O 14.Bxc6 Rxc6 15.a5 Qc8
16.O-O Nc4 17.Nxc4 Rxc4 18.Be3 d5 19.Rfc1 Qc6 20.Rxc4 dxc4 21.Qa4 Bxf3 22.gxf3 Qd5
23.Rc1 Rc8 24.Rc3 b5 25.axb6 axb6 26.Qa6 Qc6 27.f4 f5 28.b3 b5 29.Qxc6 Rxc6
30.bxc4 Rxc4 31.Rd3 b4 32.d5 exd5 33.Rxd5 b3 34.Bd4 Kf7  0-1

[Event "Dresden (Women)"]
[Site "Dresden"]
[Date "1997.??.??"]
[Round "4"]
[White "Holoubkova, Martina"]
[Black "Litinskaya, Marta I"]
[Result "1-0"]
[WhiteElo "2280"]
[BlackElo "2335"]

1.e4 c5 2.c3 Nf6 3.e5 Nd5 4.d4 cxd4 5.Nf3 e6 6.cxd4 b6 7.Nc3 Nxc3 8.bxc3 Be7
9.Bd3 Ba6 10.O-O Bxd3 11.Qxd3 d5 12.exd6 Qxd6 13.Ba3 Qxa3 14.Qe4 O-O 15.Qxa8 Bf6
16.Rfc1 Qa4 17.Qe4 Nc6 18.Qc2 Qa6 19.Rab1 Rc8 20.Qb3 h6 21.a4 Qb7 22.Qb5 Qc7
23.h3 Qf4 24.Rd1 Na5 25.Rbc1 Nc4 26.Qb1 Qd6 27.Qa2 g6 28.Rb1 Kg7 29.Ne1 Na5
30.Rd3 Rc4 31.Nc2 Qc7 32.Qa1 Qd7 33.Nb4 Nb7 34.Qa2 Nd6 35.Qb3 Qc8 36.Rbd1 Ne4
37.Na2 Qa6 38.f3 Ng3 39.Nb4 Qc8 40.Re1 Nf5 41.Re4 Ng3 42.Re1 Nh5 43.f4 a5
44.Na2 Nxf4 45.Rf3 Nd5 46.Ref1 Qc6 47.Qb2 Qc7 48.Qb5 Qc6 49.Rxf6 Nxf6 50.Qe5 Qc7
51.Qxf6+ Kg8 52.Nc1 Rxc3 53.Ne2 Rc2 54.Nf4 Rc1 55.Rxc1 Qxc1+ 56.Kh2 Qc7 57.Qe5 Qc6
58.h4 Qxa4 59.h5 gxh5 60.Nxh5 Kf8 61.Qd6+  1-0

[Event "ROM-ch op (Women)"]
[Site "Eforie Nord"]
[Date "1997.??.??"]
[Round "?"]
[White "Fratila, Adela"]
[Black "Vasiesiu, Cristina"]
[Result "1/2-1/2"]
[WhiteElo "2055"]
[BlackElo "2155"]

1.e4 c5 2.c3 Nf6 3.e5 Nd5 4.d4 cxd4 5.Nf3 e6 6.cxd4 d6 7.Bc4 Nb6 8.Bb3 Bd7
9.O-O Bc6 10.Nc3 N8d7 11.Re1 dxe5 12.dxe5 Nc5 13.Bc2 Qxd1 14.Rxd1 Nc4 15.Re1 Nd7
16.Bd3 Ndb6 17.a3 O-O-O 18.Be4 Bxe4  1/2-1/2

[Event "RUS-Cup5"]
[Site "Ekaterinburg"]
[Date "1997.??.??"]
[Round "2"]
[White "Chernitsin, Ivan"]
[Black "Gladisheva, Tatjana"]
[Result "1-0"]
[WhiteElo "2375"]
[BlackElo "2150"]

1.e4 c5 2.c3 Nf6 3.e5 Nd5 4.d4 cxd4 5.Nf3 Nc6 6.cxd4 d6 7.Bc4 Nb6 8.Bb5 dxe5
9.Nxe5 Bd7 10.Nxd7 Qxd7 11.Nc3 Nd5 12.O-O g6 13.Qf3 Rd8 14.Re1 Qf5 15.Qxf5 gxf5
16.Re5 Nc7 17.Bxc6+ bxc6 18.Rxf5 Bg7 19.Bf4 Ne6 20.Be5 f6 21.Bf4 Nxd4 22.Ra5 Rd7
23.Rc1 O-O 24.Kf1 e5 25.Be3 f5 26.Na4 e4 27.Nc5 Rd5 28.Rxa7 Be5 29.Nd7 Nb5
30.Nxf8 Nxa7 31.Bxa7 Kxf8 32.Rxc6 Bxb2 33.Rc5 Rd1+ 34.Ke2 Ra1 35.Rxf5+ Kg7
36.Rc5 Rxa2 37.Rc2 Rxa7 38.Rxb2 Kf6 39.Ke3 Ra4 40.Kf4 Rc4 41.Re2 Ra4 42.Rxe4 Ra2
43.Kg3 Ra3+ 44.Re3 Ra2 45.f4 Rb2 46.h3 h5 47.Kf3 h4 48.Re2 Rb8 49.Kg4 Rh8
50.Re5 Rg8+ 51.Rg5 Rh8 52.f5 Rh7 53.Rg6+ Kf7 54.Kg5 Rh8 55.f6 Ke6 56.Rg7 Ra8
57.Re7+ Kd6 58.Re2 Ra5+ 59.Kg6 Ra3 60.f7  1-0

[Event "RUS-Cup5"]
[Site "Ekaterinburg"]
[Date "1997.??.??"]
[Round "6"]
[White "Egin, Vladimir"]
[Black "Scerbin, Dmitrij"]
[Result "0-1"]
[WhiteElo "2425"]
[BlackElo "2335"]

1.e4 c5 2.c3 Nf6 3.e5 Nd5 4.Nf3 e6 5.Bc4 d6 6.d4 cxd4 7.cxd4 Bd7 8.O-O Bc6
9.Bg5 Qb6 10.Nc3 h6 11.Bh4 Nxc3 12.bxc3 d5 13.Bd3 Nd7 14.Nd2 Qa5 15.Rc1 g5
16.Bg3 O-O-O 17.f4 Ba3 18.Rc2 Rdf8 19.fxg5 hxg5 20.Qg4 Be7 21.Nb3 Qd8 22.Rcf2 Qe8
23.Na5 Nb6 24.Rxf7 Bd7 25.Bg6 Qd8 26.Nb3 Nc4 27.Qe2 Rxf7 28.Bxf7 Qb6 29.h3 a5
30.Rf2 Kb8 31.Bg6 a4 32.Nd2 Na5 33.Rf7 Nc6 34.Rf1 Qb2 35.Rb1 Qxc3 36.Qb5 Bb4
37.Nf3 g4 38.hxg4 Nxd4 39.Qxb4 Qe3+ 40.Bf2 Ne2+ 41.Kf1 Rh1+  0-1

[Event "RUS-Cup5"]
[Site "Ekaterinburg"]
[Date "1997.??.??"]
[Round "8"]
[White "Gladisheva, Tatjana"]
[Black "Tetradze, Natalia"]
[Result "1-0"]
[WhiteElo "2150"]
[BlackElo "2120"]

1.e4 c5 2.c3 Nf6 3.e5 Nd5 4.Nf3 e6 5.Bc4 Nb6 6.Bb3 d6 7.d4 dxe5 8.Nxe5 Nc6
9.Qf3 Nxe5 10.dxe5 Qc7 11.Bf4 Bd7 12.O-O Bc6 13.Qe2 Nd5 14.Bg3 Be7 15.c4 Nb6
16.Nc3 h5 17.Ne4 Bxe4 18.Qxe4 h4 19.Bf4 O-O-O 20.Be3 Qc6 21.Qxc6+ bxc6 22.Rfd1 Rxd1+
23.Rxd1 Rd8 24.Rxd8+ Kxd8 25.f4 Nd7 26.Kf2 f6 27.exf6 Nxf6 28.Kf3 Nd7 29.Bc2 Kc7
30.b3 Kd6 31.Bf2 Bd8 32.Be1 Be7 33.Kg4 Nf6+ 34.Kxh4 e5 35.f5 Nd5+ 36.Kg3 Nf4
37.Kf3 Bd8 38.g3 Nh3 39.Kg4 Ng5 40.h4 Nf7 41.Kf3 Be7 42.g4 a6 43.g5 Bd8 44.Bc3 Be7
45.Kg4 Bf8 46.Kh5 Nh8 47.g6 Be7 48.Kg4 Bf6 49.Be4 Kd7 50.Bd2 Kd6 51.Bg5  1-0

[Event "Momotov mem"]
[Site "Enakievo"]
[Date "1997.??.??"]
[Round "?"]
[White "Baklan, Vladimir"]
[Black "Savchenko, Stanislav"]
[Result "1/2-1/2"]
[WhiteElo "2530"]
[BlackElo "2575"]

1.e4 c5 2.c3 Nf6 3.e5 Nd5 4.d4 cxd4 5.Nf3 e6 6.cxd4 b6 7.Bg5 Be7 8.Bxe7 Qxe7
9.Nc3 Nxc3 10.bxc3 Bb7 11.Bd3 Nc6 12.O-O O-O 13.Nd2 Na5 14.Qh5 g6 15.Qh6 f5
16.exf6 Qxf6 17.Qe3 Rac8 18.Rac1 Qf4 19.Rfe1 Qxe3 20.Rxe3 Bd5 21.Ba6 Rc7
22.c4 Bb7 23.Bxb7 Nxb7 24.g3 Rfc8 25.Rd1 Nd6 26.c5 bxc5 27.dxc5 Rxc5 28.Nb3 Rd5
29.Rxd5 exd5 30.Rd3 Rc2 31.Rxd5 Ne4 32.f3 Nc3 33.Rxd7 Rxa2 34.Nc5 a5  1/2-1/2

[Event "Espoo op1"]
[Site "Espoo"]
[Date "1997.??.??"]
[Round "3"]
[White "Salmensuu, Olli"]
[Black "Sammalvuo, Tapani"]
[Result "1-0"]
[WhiteElo "2330"]
[BlackElo "2375"]

1.e4 c5 2.c3 Nf6 3.e5 Nd5 4.d4 cxd4 5.Nf3 Nc6 6.Bc4 Nb6 7.Bb3 d5 8.exd6 Qxd6
9.O-O Be6 10.Na3 Bxb3 11.Qxb3 e6 12.Nb5 Qd7 13.Nfxd4 Bc5 14.Rd1 Nxd4 15.cxd4 Bd6
16.Nxa7 Bxh2+ 17.Kxh2 Qd6+ 18.g3 Rxa7 19.Bf4 Qd8 20.Qb5+ Nd7 21.d5 Qb6 22.Qxb6 Nxb6
23.dxe6 fxe6 24.Rd6 Nd5 25.Rxe6+ Kf7 26.Re4 Rha8 27.Rd1 Nf6 28.Rb4 Rxa2 29.Rxb7+ Kg6
30.Kg2 Rc8 31.Rd2 Rc5 32.Bd6 Rca5 33.Bf8 Ra7 34.Rxa7 Rxa7 35.b4 Rb7 36.Rd4 h5
37.f3 Kf5 38.Kf2 g5 39.Ke3 Rb8 40.Bd6 Ra8 41.b5 Ke6 42.Bc5 Nd5+ 43.Kd3 Rc8
44.Re4+ Kf5 45.Kd4 Nc7 46.Re5+ Kf6 47.Be7+ Kf7 48.Bxg5 Ne6+ 49.Kd3 Nc5+ 50.Ke3 Na4
51.Kf4 Rc3 52.Re3 Rc2 53.Kf5 Rb2 54.Re7+ Kf8 55.Rb7 Rb3 56.Kg6 Ke8 57.Re7+  1-0

[Event "Espoo op1"]
[Site "Espoo"]
[Date "1997.??.??"]
[Round "4"]
[White "Nouro, Mikael"]
[Black "Veingold, Aleksandr"]
[Result "1/2-1/2"]
[WhiteElo "2305"]
[BlackElo "2460"]

1.e4 c5 2.c3 Nf6 3.e5 Nd5 4.d4 cxd4 5.Nf3 d6 6.cxd4 Nc6 7.Bc4 Nb6 8.Bb5 Bd7
9.exd6 exd6 10.O-O Be7 11.Nc3 O-O 12.d5 Ne5 13.Nxe5 dxe5 14.d6 Bf6 15.Be3 Bxb5
16.Nxb5 Nc4 17.Qd5 Nxe3 18.fxe3 Qb6 19.Rad1 Rad8 20.Nc3 Bg5 21.Qxe5 Qxe3+
22.Qxe3 Bxe3+ 23.Kh1 Rd7 24.Rfe1 Bc5 25.Re5 Bb4 26.Ne4 f5 27.Nc5  1/2-1/2

[Event "Feldbach op"]
[Site "Feldbach"]
[Date "1997.??.??"]
[Round "3"]
[White "Kos, Toni"]
[Black "Freitag, Manfred"]
[Result "1/2-1/2"]
[WhiteElo "2295"]
[BlackElo "2285"]

1.e4 c5 2.c3 Nf6 3.e5 Nd5 4.d4 cxd4 5.Nf3 Nc6 6.Bc4 Nb6 7.Bb3 g6 8.cxd4 Bg7
9.Bf4 O-O 10.Qd2 d5 11.exd6 exd6 12.h3 Re8+ 13.Be3 d5 14.O-O Bf5 15.Na3 Rc8
16.Rac1 a6 17.Rfe1 Qd6 18.Bf4 Qf8 19.Ne5 Nb4 20.Re3 Rxc1+ 21.Qxc1 f6 22.Nf3 Nd3
23.Qc7 Nxf4 24.Qxb6 Rb8 25.Qc7 g5 26.Re7 Kh8 27.Rf7 Qe8 28.Re7 Qf8  1/2-1/2

[Event "Fencible Masters"]
[Site "Fencible"]
[Date "1997.??.??"]
[Round "6"]
[White "Levi, Eddy"]
[Black "Green, Ewen M"]
[Result "1-0"]
[WhiteElo "2260"]
[BlackElo "2290"]

1.e4 c5 2.c3 Nf6 3.e5 Nd5 4.d4 cxd4 5.Bc4 Qc7 6.Qe2 Nb6 7.Bb3 d3 8.Qxd3 Qxe5+
9.Be3 d5 10.Nf3 Qf5 11.Qe2 Nc6 12.Na3 d4 13.Nxd4 Nxd4 14.Bxd4 Bd7 15.O-O-O e6
16.Nc2 O-O-O 17.Ne3 Qa5 18.Rhe1 h5 19.Nc4 Nxc4 20.Qxc4+ Bc6 21.Bc2 Be7 22.Be4 Kc7
23.f4 Qa4 24.Qxa4 Bxa4 25.b3 Bc6 26.Bxg7 Rxd1+ 27.Kxd1 Rd8+ 28.Kc2 f6 29.Bxc6 Kxc6
30.g3 Kd7 31.f5 exf5 32.Bh6 Rh8 33.Bf4 h4 34.b4 hxg3 35.hxg3 Rh2+ 36.Kb3 b5
37.a4 bxa4+ 38.Kxa4 a6 39.Kb3 Bd8 40.Ra1 Bc7 41.Bxc7 Kxc7 42.Rxa6 Rg2 43.Rxf6 Rxg3
44.Rxf5  1-0

[Event "FRA-chT9697 groupe B"]
[Site "France"]
[Date "1997.??.??"]
[Round "3"]
[White "Godena, Michele"]
[Black "Tirard, Hugo"]
[Result "1-0"]
[WhiteElo "2545"]
[BlackElo "2365"]

1.e4 c5 2.c3 Nf6 3.e5 Nd5 4.Nf3 Nc6 5.d4 cxd4 6.cxd4 d6 7.Bc4 Nb6 8.Bb5 Bd7
9.exd6 e6 10.Bg5 Qb8 11.Nc3 Qxd6 12.O-O a6 13.Ne4 Qd5 14.Nc3 Qd6 15.Ne4 Qd5
16.Bd3 Be7 17.Bxe7 Kxe7 18.Qd2 Rhd8 19.Rfc1 Be8 20.Rc5 Qd7 21.Rxc6 Qxc6 22.Rc1 Qa4
23.Qg5+ Kf8 24.Qc5+ Kg8 25.Qxb6 Rac8 26.Re1 Bb5 27.Nc3 Qb4 28.Re2 Rd6 29.Qxb7 Rdc6
30.a3 Qb3 31.Bc2 Qc4 32.Ne5 Qxe2 33.Qxf7+ Kh8 34.Nxe2 Rxc2 35.h4 Bxe2 36.Qxe6 Bh5
37.d5 Rf8 38.f3 Re8 39.Qf5 Rc1+ 40.Kh2 Bg6 41.Qg5 Re1 42.f4 Rd1 43.h5  1-0

[Event "FRA-chT9697 groupe A"]
[Site "France"]
[Date "1997.??.??"]
[Round "3"]
[White "Lejeune, Jean Pierre"]
[Black "Prie, Eric"]
[Result "1/2-1/2"]
[WhiteElo "2345"]
[BlackElo "2470"]

1.e4 c5 2.c3 Nf6 3.e5 Nd5 4.Nf3 Nc6 5.d4 cxd4 6.cxd4 d6 7.exd6 Qxd6 8.Be2 g6
9.Nc3 Bg7 10.O-O O-O 11.Re1 Bf5 12.Bg5 h6 13.Bh4 Rfd8 14.Bb5 Ncb4 15.Rc1 Qb6
16.Bc4 g5 17.Bg3 Bg4 18.a3 Nxc3 19.bxc3 Nd5 20.Bxd5 Rxd5 21.Rxe7 Bf8 22.Rc7 Bxa3
23.Rb1 Rb5 24.Rxb5 Qxb5 25.c4 Qb2 26.h3 Bh5 27.Qd3 Bg6 28.Qe3  1/2-1/2

[Event "FRA-chT9697 groupe A"]
[Site "France"]
[Date "1997.??.??"]
[Round "4"]
[White "Werner, Isabel"]
[Black "Flear, Christine"]
[Result "0-1"]
[WhiteElo "2215"]
[BlackElo "2250"]

1.e4 c5 2.c3 Nf6 3.e5 Nd5 4.d4 cxd4 5.Nf3 e6 6.cxd4 b6 7.Nc3 Nxc3 8.bxc3 Qc7
9.Bd2 d6 10.Bd3 Bb7 11.O-O Nd7 12.Ng5 dxe5 13.Qh5 g6 14.Qh3 Be7 15.Rfe1 Rf8
16.a4 a5 17.dxe5 O-O-O 18.Bf4 Nc5 19.Bc2 h6 20.Ne4 Nxe4 21.Bxe4 Bxe4 22.Rxe4 g5
23.Be3 Rd3 24.Qxh6 Qxc3 25.Rf1 Qc6 26.Rd4 Rxd4 27.Bxd4 Rd8 28.Be3 Qxa4 29.Bxg5 Rd1
30.g3 Rxf1+ 31.Kxf1 Qd1+ 32.Kg2 Qd5+ 33.Kg1 Bc5 34.Qh8+ Kb7 35.Qe8 Qxe5 36.Qxf7+ Ka6
37.h4 a4 38.Qf6 Qe1+ 39.Kg2 a3 40.Bh6 a2 41.Bg7 Bd6 42.Qd4 Qb4 43.Qxb4 Bxb4
44.h5 Kb5 45.h6 Bf8 46.g4 e5 47.Bxe5 Bxh6 48.Kg3 Bd2 49.g5 Kc4  0-1

[Event "FRA-chT9697 groupe A"]
[Site "France"]
[Date "1997.??.??"]
[Round "4"]
[White "Philippe, Christophe"]
[Black "De Sousa, Jose"]
[Result "1/2-1/2"]
[WhiteElo "2155"]
[BlackElo "2240"]

1.e4 c5 2.c3 Nf6 3.e5 Nd5 4.d4 cxd4 5.Nf3 e6 6.cxd4 b6 7.Nc3 Nxc3 8.bxc3 Qc7
9.Bd2 Bb7 10.Bd3 d6 11.O-O Nd7 12.Ng5 dxe5 13.Qh5 g6 14.Qh3 Be7 15.Rae1 Rf8
16.Qxh7 O-O-O 17.Nxf7 Rde8 18.Nxe5 Nxe5 19.Rxe5 Rh8 20.Qf7 Bd6 21.Qxc7+ Bxc7
22.Rfe1 Bxe5 23.Rxe5 Rh5 24.Bf4 Bc6 25.f3 Rxe5 26.Bxe5 Rg8 27.h4 b5 28.Kf2 a6
29.g4 Be8 30.Ke3 Rf8 31.a3 Kd8 32.Be4 Ke7 33.f4 Bf7 34.Kd2 Be8 35.Bf3 Rf7
36.Be4 Rf8 37.Ke3 Bf7 38.Bf3 Rc8 39.Kd2 Rc4 40.h5 gxh5 41.gxh5 Ra4 42.d5 Rxa3
43.d6+ Kd7 44.h6 Ra2+ 45.Ke3 Bg6 46.Kd4 Ra4+ 47.Kc5 Rc4+ 48.Kb6 b4 49.cxb4 Rxb4+
50.Kxa6 Bd3+ 51.Ka5 Rb5+ 52.Ka4 Rb6 53.Bd1 Rb1 54.Bb3 Be4 55.f5 Bxf5 56.Ka3 Be4
57.Ba4+ Bc6 58.Bxc6+ Kxc6 59.h7 Rh1  1/2-1/2

[Event "FRA-chT9697 groupe A"]
[Site "France"]
[Date "1997.??.??"]
[Round "5"]
[White "Cohen, Aron"]
[Black "Lefebvre, Herve"]
[Result "0-1"]
[WhiteElo "2255"]
[BlackElo "2135"]

1.e4 c5 2.c3 Nf6 3.e5 Nd5 4.d4 cxd4 5.Qxd4 e6 6.Nf3 Nc6 7.Qe4 Nde7 8.Bd3 Ng6
9.O-O Be7 10.Nbd2 d6 11.exd6 Qxd6 12.Nc4 Qc7 13.Bg5 f6 14.Bd2 O-O 15.a4 f5
16.Qe3 e5 17.Be2 Kh8 18.Ne1 f4 19.Qf3 Nh4 20.Qd5 Bf5 21.Nf3 Rad8 22.Qb5 a6
23.Qb3 Nxf3+ 24.Bxf3 e4 25.Be2 f3 26.Bd1 Bd6 27.Be3 fxg2 28.Kxg2 Ne5 29.Bb6 Qxc4
30.Bxd8 Bh3+ 31.Kxh3 Qxf1+ 32.Kg3  0-1

[Event "Frydek-Mistek op-B"]
[Site "Frydek-Mistek"]
[Date "1997.??.??"]
[Round "2"]
[White "Krivolopov, Konstantin"]
[Black "Kornilovich, Vitaly"]
[Result "1/2-1/2"]
[WhiteElo "2315"]
[BlackElo "2220"]

1.e4 c5 2.c3 Nf6 3.e5 Nd5 4.g3 d6 5.exd6 Qxd6 6.Bg2 Nc6 7.Ne2 Bg4 8.h3 Bh5
9.g4 Bg6 10.d4 e6 11.Na3 Qd7 12.Nc4 Rd8 13.O-O Be7 14.Ne3 Nb6 15.dxc5 Bxc5
16.Qxd7+ Rxd7 17.Nf4 O-O 18.Nxg6 hxg6 19.Rb1 Rfd8 20.a3 Bxe3 21.Bxe3 Nc4
22.Bc1 Nd2 23.Bxd2 Rxd2 24.Rfe1 R2d6 25.Kf1 b6 26.Re2 Na5 27.Rd2 Rxd2 28.Ke1  1/2-1/2

[Event "Arnold mem"]
[Site "Gausdal"]
[Date "1997.??.??"]
[Round "1"]
[White "Rausis, Igors"]
[Black "Trygstad, Kristian"]
[Result "1/2-1/2"]
[WhiteElo "2490"]
[BlackElo "2160"]

1.e4 c5 2.c3 Nf6 3.e5 Nd5 4.d4 cxd4 5.cxd4 e6 6.Nf3 b6 7.Nc3 Nxc3 8.bxc3 Qc7
9.Be2 Qxc3+ 10.Bd2 Qa3 11.O-O Ba6 12.Bc1 Qa5 13.Ng5 Be7 14.Bxa6 Nxa6 15.Qg4 O-O
16.Nh3  1/2-1/2

[Event "Arnold mem"]
[Site "Gausdal"]
[Date "1997.??.??"]
[Round "5"]
[White "Westerinen, Heikki MJ"]
[Black "Tisdall, Jonathan D"]
[Result "0-1"]
[WhiteElo "2410"]
[BlackElo "2480"]

1.e4 c5 2.c3 Nf6 3.e5 Nd5 4.d4 cxd4 5.Nf3 e6 6.cxd4 d6 7.a3 Nc6 8.Bd3 g6
9.O-O Bg7 10.Re1 O-O 11.b4 dxe5 12.dxe5 b6 13.Bb2 Bb7 14.Nc3 Nxc3 15.Bxc3 Ne7
16.Be4 Bxe4 17.Rxe4 Qxd1+ 18.Rxd1 Nd5 19.Bb2 Rfc8 20.Nd4 Rc4 21.g3 a5 22.b5 a4
23.Ree1 Rc5 24.Kg2 Nc7 25.Rc1 Rxe5 26.Rxe5 Bxe5 27.Nxe6 Bxb2 28.Nxc7 Bxa3
29.Ra1 Bb2 30.Nxa8 Bxa1 31.Nxb6 a3 32.Nd5 Bd4 33.Nb4 Bc5 34.Na2 f5 35.Kf3 Kf7
36.Ke2 Ke6 37.f3 Kd5 38.Kd3 Bg1 39.h3 Kc5 40.Kc3 Kxb5 41.Kb3 Kc5 42.Kc3 Bd4+
43.Kd3 Bb2 44.g4 f4 45.h4 h5 46.gxh5 gxh5 47.Kd2 Kd4  0-1

[Event "Geneve op"]
[Site "Geneve"]
[Date "1997.??.??"]
[Round "2"]
[White "Preissmann, Emmanuel"]
[Black "Cvitan, Ognjen"]
[Result "0-1"]
[WhiteElo "2365"]
[BlackElo "2550"]

1.e4 c5 2.c3 Nf6 3.e5 Nd5 4.d4 cxd4 5.cxd4 d6 6.Bc4 e6 7.Nf3 Nc6 8.O-O Be7
9.Nc3 Nxc3 10.bxc3 dxe5 11.Nxe5 Nxe5 12.dxe5 Qxd1 13.Rxd1 Bd7 14.a4 a6 15.Be2 Bc6
16.Be3 O-O 17.Bb6 Rfc8 18.Rd4 Bd8 19.Rb1 Bxb6 20.Rxb6 a5 21.f4 Bd5 22.c4 Bc6
23.Bf3 Bxf3 24.gxf3 Rc7 25.Kf2 Rac8 26.Ke3 Rxc4 27.Rxb7 Rc2 28.Ra7 Rxh2 29.Rdd7 Rf8
30.Rxa5 h5 31.Rc5 Rb8 32.Rc3 Rbb2 33.a5 Rhe2+ 34.Kd4 Red2+ 35.Rd3 Rxd3+ 36.Kxd3 Ra2
37.Ra7 h4 38.Rb7 Rxa5 39.Rb2 f6 40.Rh2 Ra3+  0-1

[Event "Geneve op"]
[Site "Geneve"]
[Date "1997.??.??"]
[Round "8"]
[White "Preissmann, Emmanuel"]
[Black "Hunt, Harriet"]
[Result "1/2-1/2"]
[WhiteElo "2365"]
[BlackElo "2330"]

1.e4 c5 2.c3 Nf6 3.e5 Nd5 4.d4 cxd4 5.cxd4 e6 6.a3 b6 7.Nf3 Be7 8.Bd3 Ba6
9.O-O O-O 10.Re1 Bxd3 11.Qxd3 Nc6 12.Nbd2 f6 13.Ne4 fxe5 14.dxe5 Qe8 15.Nc3 Nxc3
16.bxc3 Rd8 17.Ra2 Qh5 18.Qe4 Qf5 19.Rd2 h6 20.Rd3 Bc5 21.Qxf5 Rxf5 22.g4 Rf7
23.Kg2 Rdf8 24.Re2 Ne7 25.Nd4 Nd5 26.Be3 Bxa3 27.Nb5 Bc5 28.Nxa7 d6 29.Nc6 Rc8
30.Nd4 Bxd4 31.cxd4 dxe5 32.dxe5 b5 33.Rb2 Rc4 34.Kg3 b4 35.Bd2 Ra7 36.Rbb3 Ra2
37.h3 g5 38.h4 Rcc2 39.Be3 Nxe3 40.Rxe3 Rxf2 41.hxg5 hxg5 42.Rxb4 Rg2+ 43.Kh3 Rh2+
44.Kg3 Rag2+  1/2-1/2